Curas de urgencia mientras llega el medico, indispensable en todo hoga (Record no. 149920)

MARC details
000 -LEADER
campo de control de longitud fija 00587nam a2200169 i 4500
001 - NÚMERO DE CONTROL
campo de control 149920
003 - IDENTIFICADOR DE NÚMERO DE CONTROL
campo de control ES-MaACL
005 - FECHA Y HORA DE LA ÚLTIMA TRANSACCIÓN
campo de control 20230906203318.0
007 - CAMPO FIJO DE DESCRIPCIÓN FÍSICA--INFORMACIÓN GENERAL
campo de control de longitud fija t|
008 - DATOS DE LONGITUD FIJA--INFORMACIÓN GENERAL
campo de control de longitud fija 071025s1967 sp ||||1| spa d
100 1# - ENTRADA PRINCIPAL--NOMBRE DE PERSONA
Nombre de persona Vander, Adrianus.
9 (RLIN) 113059
245 10 - MENCIÓN DEL TÍTULO
Título Curas de urgencia mientras llega el medico, indispensable en todo hoga
Resto del título : primeros auxilios para evitar graves daños o salvar la vida... /
Mención de responsabilidad, etc. A. Vander.
260 ## - PUBLICACIÓN, DISTRIBUCIÓN, ETC.
Lugar de publicación, distribución, etc. Barcelona :
Nombre del editor, distribuidor, etc. Adrián Vander,
Fecha de publicación, distribución, etc. 1967.
300 ## - DESCRIPCIÓN FÍSICA
Extensión 182 p. :
Otras características físicas il. ;
Dimensiones 19 cm.
650 04 - PUNTO DE ACCESO ADICIONAL DE MATERIA--TÉRMINO DE MATERIA
Término de materia o nombre geográfico como elemento de entrada Primeros auxilios.
9 (RLIN) 16404
852 ## - LOCALIZACIÓN
Ubicación ES-MaACL
Número de control de estantería C-31721
Sublocalización o colección R.62312
Holdings
Estatus retirado Estado de pérdida Estado de daño No para préstamo Biblioteca de origen Biblioteca actual Ubicación en estantería Fecha de adquisición Fuente de adquisición Total de préstamos Signatura topográfica completa Código de barras Visto por última vez Precio de reemplazo Tipo de ítem Koha
        Biblioteca del Ateneo de Madrid Biblioteca del Ateneo de Madrid Depósito 2 17/01/2008     C-31721 1156440 23/02/2023 23/02/2023 Libro impreso